[Event "Tournoi de rentrée UST"]
[Site "Equeurdreville"]
[Date "2012.09.29"]
[Round "1"]
[White "Castel, Nathan"]
[Black "Castel, Tanguy"]
[Result "0-1"]
[WhiteElo "1009"]
[BlackElo "1099"]
[PlyCount "44"]
[EventDate "2012.09.29"]
[EventRounds "5"]
[EventCountry "FRA"]
[SourceDate "2005.09.12"]

1. e4 e5 2. Bc4 Bc5 3. Nf3 Nc6 4. Nc3 Na5 5. Na4 Nxc4 6. Nxc5 d6 7. d3 Bg4 8.
dxc4 g5 9. Nxg5 Bxd1 10. Kxd1 h6 11. Nce6 Qe7 12. f4 hxg5 13. Nxg5 O-O-O 14.
fxe5 dxe5+ 15. Bd2 Qxg5 16. g3 Qe3 17. Kc1 Qxe4 18. Re1 Qxc4 19. g4 Qxg4 20.
Rxe5 Qg1+ 21. Be1 Qg4 22. Rb5 Qd1# 0-1

[Event "Tournoi de rentrée UST"]
[Site "Equeurdreville"]
[Date "2012.09.29"]
[Round "1"]
[White "Leplongeon, Mathilde"]
[Black "Bavinckhove, Silaeis"]
[Result "1-0"]
[WhiteElo "1280"]
[BlackElo "1020"]
[PlyCount "27"]
[EventDate "2012.09.29"]
[EventRounds "5"]
[EventCountry "FRA"]
[SourceDate "2005.09.12"]

1. e4 e5 2. Nf3 Nc6 3. Bc4 Nf6 4. Nc3 Bc5 5. Ng5 O-O 6. Nd5 Nxd5 7. Bxd5 Re8 8.
Bxf7+ Kf8 9. d3 Qxg5 10. Bxg5 Re6 11. Bxe6 Nb4 12. O-O Ke8 13. Qh5+ Kf8 14.
Qf7# 1-0

[Event "Tournoi de rentrée UST"]
[Site "Equeurdreville"]
[Date "2012.09.29"]
[Round "1"]
[White "Raynaud, Christophe"]
[Black "Hereus, Daniel"]
[Result "1-0"]
[WhiteElo "1839"]
[BlackElo "1610"]
[PlyCount "42"]
[EventDate "2012.09.29"]
[EventRounds "5"]
[EventCountry "FRA"]
[SourceDate "2005.09.12"]

1. e4 d5 2. exd5 Qxd5 3. Nc3 Qa5 4. d4 Nf6 5. Nf3 c6 6. h3 Bf5 7. Be2 Qc7 8.
O-O e6 9. Bg5 Nbd7 10. Re1 O-O-O 11. Bd3 Bxd3 12. Qxd3 Be7 13. Qe2 h6 14. Bh4
g5 15. Bg3 Bd6 16. Ne5 Bxe5 17. dxe5 Nd5 18. Ne4 Nf4 19. Bxf4 Nxe5 20. Nxg5
Nf3+ 21. Qxf3 Qe7 1-0

[Event "Tournoi de rentrée UST"]
[Site "Equeurdreville"]
[Date "2012.09.29"]
[Round "1"]
[White "Althoffer, Cyrille"]
[Black "Doris, Nicolas"]
[Result "1-0"]
[WhiteElo "1923"]
[BlackElo "1790"]
[PlyCount "61"]
[EventDate "2012.09.29"]
[EventRounds "5"]
[EventCountry "FRA"]
[SourceDate "2005.09.12"]

1. e4 e5 2. Nf3 Nc6 3. d4 exd4 4. Nxd4 Bc5 5. Be3 Qf6 6. c3 Nge7 7. Bc4 d6 8.
O-O O-O 9. Qd2 Qg6 10. Nxc6 Nxc6 11. Bxc5 dxc5 12. Qe3 b6 13. Na3 Ne5 14. Be2
a6 15. f4 Qh6 16. Qg3 Nc6 17. Rad1 Qe6 18. Bc4 Qg4 19. Qe3 Bb7 20. Rd5 h6 21.
h3 Qc8 22. f5 Kh7 23. f6 g6 24. Rf4 Rh8 25. Rh4 Qf8 26. Rd7 Ne5 27. Rxc7 Bc8
28. Bd5 Rb8 29. Re7 g5 30. Qxg5 Rg8 31. Qxe5 1-0

[Event "Tournoi de rentrée UST"]
[Site "Equeurdreville"]
[Date "2012.09.29"]
[Round "1"]
[White "Rosi, Andrea"]
[Black "Lemonnier, Pascal"]
[Result "0-1"]
[WhiteElo "1515"]
[BlackElo "1420"]
[PlyCount "142"]
[EventDate "2012.09.29"]
[EventRounds "5"]
[EventCountry "FRA"]
[SourceDate "2005.09.12"]

1. e4 Nf6 2. Nc3 d5 3. exd5 Nxd5 4. Nxd5 Qxd5 5. Qf3 Be6 6. Qxd5 Bxd5 7. f3 e5
8. c4 Be6 9. d3 Nc6 10. Bd2 Nb4 11. Bxb4 Bxb4+ 12. Kd1 O-O-O 13. Kc2 Rd6 14. a3
Bc5 15. Ne2 Rhd8 16. Nc3 a6 17. b4 Bd4 18. Be2 f5 19. a4 Rb6 20. b5 a5 21. Rab1
Kd7 22. g4 g6 23. h3 Ke7 24. gxf5 Bxf5 25. Nd5+ Rxd5 26. cxd5 Rd6 27. Kd2 Rxd5
28. Rbc1 Kd6 29. Rc4 Bc5 30. Kc2 g5 31. h4 Be3 32. hxg5 Bxg5 33. Rh5 h6 34. Kc3
Bg6 35. Rh2 h5 36. Rg2 e4 37. fxe4 Re5 38. Kd4 Bf7 39. Rxg5 Rxg5 40. Rc1 Be6
41. Rh1 Bg4 42. Bxg4 hxg4 43. Rh6+ Ke7 44. Ke3 g3 45. Rh1 g2 46. Rg1 c6 47.
bxc6 bxc6 48. Kf2 Rc5 49. Kxg2 Rc3 50. Rd1 Ra3 51. Rc1 Kd7 52. Rc4 Rxd3 53. Kf2
Kd6 54. Ke2 Rb3 55. Rd4+ Kc5 56. Rd3 Rb4 57. e5 Rxa4 58. e6 Re4+ 59. Re3 Rxe3+
60. Kxe3 Kd6 61. Kd4 Kxe6 62. Kc5 a4 63. Kb4 Kd5 64. Kxa4 Kc4 65. Ka3 Kc3 66.
Ka2 c5 67. Kb1 c4 68. Kc1 Kd3 69. Kd1 c3 70. Kc1 c2 71. Kb2 Kd2 0-1

[Event "Tournoi de rentrée UST"]
[Site "Equeurdreville"]
[Date "2012.09.29"]
[Round "2"]
[White "Hereus, Daniel"]
[Black "Masson, Margot"]
[Result "1-0"]
[WhiteElo "1610"]
[BlackElo "1300"]
[PlyCount "27"]
[EventDate "2012.09.29"]
[EventRounds "5"]
[EventCountry "FRA"]
[SourceDate "2005.09.12"]

1. e4 e5 2. f4 exf4 3. Nf3 Nf6 4. Nc3 Bc5 5. d4 Bb4 6. Bd3 O-O 7. Bxf4 Nh5 8.
Bd2 Bxc3 9. bxc3 Re8 10. O-O Qf6 11. Ng5 Qg6 12. e5 Qh6 13. Bxh7+ Kf8 14. Rxf7#
1-0

[Event "Tournoi de rentrée UST"]
[Site "Equeurdreville"]
[Date "2012.09.29"]
[Round "2"]
[White "Masson, Titouan"]
[Black "Laronche, Antoine"]
[Result "1-0"]
[WhiteElo "1199"]
[BlackElo "1199"]
[PlyCount "51"]
[EventDate "2012.09.29"]
[EventRounds "5"]
[EventCountry "FRA"]
[SourceDate "2005.09.12"]

1. e4 g6 2. Nf3 Bg7 3. d4 Nf6 4. Nc3 O-O 5. Bc4 a5 6. e5 Ng4 7. Ng5 h6 8. Qxg4
Ra6 9. Bxa6 bxa6 10. Nf3 Bb7 11. O-O f5 12. Qf4 Nc6 13. d5 Na7 14. e6 dxe6 15.
dxe6 Qe8 16. Qxc7 Bc8 17. Qxa7 g5 18. Nd5 Rf7 19. Re1 g4 20. Ne5 Bxe5 21. Rxe5
Kg7 22. exf7 Qxf7 23. Rxe7 Qxe7 24. Qxe7+ Kg6 25. Qf6+ Kh5 26. Nf4# 1-0

[Event "Tournoi de rentrée UST"]
[Site "Equeurdreville"]
[Date "2012.09.29"]
[Round "2"]
[White "Verbeke, Amandine"]
[Black "Rosi, Andrea"]
[Result "0-1"]
[WhiteElo "1199"]
[BlackElo "1515"]
[PlyCount "58"]
[EventDate "2012.09.29"]
[EventRounds "5"]
[EventCountry "FRA"]
[SourceDate "2005.09.12"]

1. e4 d5 2. f3 dxe4 3. fxe4 e6 4. Nf3 Nf6 5. Bc4 Bc5 6. Qe2 Nc6 7. Nc3 Nd4 8.
Qe3 Nxc2+ 9. Kf1 Nxe3+ 10. dxe3 Ng4 11. Na4 Nxe3+ 12. Bxe3 Bxe3 13. Re1 Qd7 14.
Rxe3 Qxa4 15. Nd2 Qd1+ 16. Kf2 Qxd2+ 17. Kf1 Qd1+ 18. Re1 Qd4 19. Be2 c6 20.
Rd1 Qxe4 21. Re1 Qf4+ 22. Kg1 Qe3+ 23. Kf1 O-O 24. b4 Rd8 25. g4 Rd4 26. a3
Rf4+ 27. Kg2 Rf2+ 28. Kg1 Rxe2+ 29. Kf1 Qf2# 0-1

[Event "Tournoi de rentrée UST"]
[Site "Equeurdreville"]
[Date "2012.09.29"]
[Round "2"]
[White "Castel, Tanguy"]
[Black "Vanneste, Axel"]
[Result "0-1"]
[WhiteElo "1160"]
[BlackElo "1199"]
[PlyCount "62"]
[EventDate "2012.09.29"]
[EventRounds "5"]
[EventCountry "FRA"]
[SourceDate "2005.09.12"]

1. e4 e5 2. Bc4 Nf6 3. Nh3 Nxe4 4. Qh5 Qe7 5. d3 Nd6 6. Bg5 g6 7. Qf3 f6 8.
Bxf6 Nxc4 9. Bxe7 Bxe7 10. dxc4 Rf8 11. Qd5 d6 12. Nc3 Bxh3 13. Nb5 Kd8 14.
Qxb7 Bxg2 15. Rg1 Bxb7 16. Rd1 Ba6 17. Nc3 Bxc4 18. Ne4 Bxa2 19. Ng5 Bxg5 20.
Rxg5 Nc6 21. Rg4 Rb8 22. Ra4 Rxb2 23. Ra1 Bd5 24. Rxa7 Nxa7 25. Rxa7 Rxc2 26.
f4 exf4 27. Ra8+ Bxa8 28. h4 Re8+ 29. Kd1 Rh2 30. h5 gxh5 31. Kc1 Re1# 0-1

[Event "Tournoi de rentrée UST"]
[Site "Equeurdreville"]
[Date "2012.09.29"]
[Round "2"]
[White "Lemonnier, Pascal"]
[Black "Bavinckhove, Myrial"]
[Result "0-1"]
[WhiteElo "1420"]
[BlackElo "1475"]
[PlyCount "70"]
[EventDate "2012.09.29"]
[EventRounds "5"]
[EventCountry "FRA"]
[SourceDate "2005.09.12"]

1. e4 d5 2. exd5 Nf6 3. Nc3 Nxd5 4. Nxd5 Qxd5 5. d4 Nc6 6. c3 e5 7. dxe5 Qxd1+
8. Kxd1 Nxe5 9. Bf4 Ng4 10. Bg3 Bf5 11. Nf3 O-O-O+ 12. Nd2 Bd6 13. Rg1 Bxg3 14.
hxg3 Nxf2+ 15. Ke1 Nd3+ 16. Bxd3 Rxd3 17. Nf3 Re8+ 18. Kf2 Rde3 19. Rge1 Rxe1
20. Nxe1 Rd8 21. Ke3 Rd6 22. Nf3 Be6 23. Nd4 Bd5 24. Rf1 Ra6 25. a3 Rb6 26. Rf2
Rg6 27. Nf5 Kd7 28. Nh4 Rxg3+ 29. Kf4 Rd3 30. Ke5 f6+ 31. Kf4 g5+ 32. Kf5 gxh4
33. Kxf6 Rg3 34. Rd2 Kc6 35. Ke5 Bxg2 0-1

[Event "Tournoi de rentrée UST"]
[Site "Equeurdreville"]
[Date "2012.09.29"]
[Round "2"]
[White "Leplongeon, Aurore"]
[Black "Leplongeon, Mathilde"]
[Result "0-1"]
[WhiteElo "1009"]
[BlackElo "1120"]
[PlyCount "24"]
[EventDate "2012.09.29"]
[EventRounds "5"]
[EventCountry "FRA"]
[SourceDate "2005.09.12"]

1. e4 e5 2. Bd3 Nc6 3. Nf3 Bb4 4. O-O Nf6 5. Re1 O-O 6. Qe2 d6 7. Qe3 Ng4 8.
Qf4 Bc5 9. Be2 Bxf2+ 10. Kh1 Bxe1 11. Nxe1 Qh4 12. Qf5 Qxh2# 0-1

[Event "Tournoi de rentrée UST"]
[Site "Equeurdreville"]
[Date "2012.09.30"]
[Round "2"]
[White "Bavinckhove, Zoltan"]
[Black "Seignat, Florian"]
[Result "0-1"]
[WhiteElo "1430"]
[BlackElo "1652"]
[PlyCount "104"]
[EventDate "2012.09.29"]
[EventRounds "5"]
[EventCountry "FRA"]
[SourceDate "2005.09.12"]

1. e4 d5 2. exd5 Nf6 3. Nc3 Nxd5 4. Nf3 Bg4 5. Be2 e6 6. h3 Bh5 7. O-O Be7 8.
d4 O-O 9. Qd3 Nc6 10. Qe4 Bg6 11. Qg4 Bxc2 12. Bh6 Bg6 13. Bd2 Nf6 14. Qf4 Nb4
15. Ne5 Nc2 16. Nxg6 hxg6 17. Rac1 Nxd4 18. Rcd1 Nxe2+ 19. Nxe2 Nd5 20. Qe5 Qd6
21. Qd4 Qa6 22. Bc3 Bf6 23. Qd2 Qxa2 24. Bxf6 Nxf6 25. Qc3 Nd5 26. Qd4 Qa6 27.
Ng3 Qb6 28. Qe5 Rad8 29. h4 Qd6 30. Qd4 c5 31. Qg4 Qf4 32. Qh3 Nf6 33. Rxd8
Rxd8 34. h5 Qg4 35. Qxg4 Nxg4 36. hxg6 fxg6 37. f3 Ne3 38. Rf2 Nc4 39. Re2 Kh7
40. Rxe6 Nxb2 41. Re7 Rb8 42. Rc7 c4 43. Kf1 a5 44. Ne2 b5 45. Ke1 a4 46. Kd2
b4 47. Kc2 a3 48. Kb1 Ra8 49. Nc1 b3 50. Re7 a2+ 51. Ka1 Nd1 52. Rc7 b2# 0-1

[Event "Tournoi de rentrée UST"]
[Site "Equeurdreville"]
[Date "2012.09.30"]
[Round "3"]
[White "Leplongeon, Mathilde"]
[Black "Bavinckhove, Zoltan"]
[Result "0-1"]
[WhiteElo "1180"]
[BlackElo "1430"]
[PlyCount "70"]
[EventDate "2012.09.29"]
[EventRounds "5"]
[EventCountry "FRA"]
[SourceDate "2005.09.12"]

1. e4 e5 2. Nf3 Nc6 3. g3 Nf6 4. d3 Bc5 5. Bg2 O-O 6. O-O d5 7. Nc3 d4 8. Nb5
a6 9. c4 axb5 10. cxb5 Ne7 11. Bg5 Ng6 12. Rc1 Be7 13. Nh4 Nxh4 14. Bxh4 Bg4
15. Bf3 Bxf3 16. Qxf3 Qd7 17. Rc5 Bxc5 18. Bxf6 gxf6 19. Qxf6 Rfc8 20. Qxe5 Bf8
21. Rc1 Rxa2 22. Kg2 Rxb2 23. Rc4 Bg7 24. Rxd4 Qxd4 25. Qe7 Rf8 26. h4 Qxf2+
27. Kh3 Qf1+ 28. Kg4 Qxd3 29. Kh5 Qf3+ 30. g4 Rxb5+ 31. Qg5 Rxg5+ 32. Kxg5 Re8
33. h5 Bf6+ 34. Kh6 Qf4+ 35. g5 Bxg5# 0-1

[Event "Tournoi de rentrée UST"]
[Site "Equeurdreville"]
[Date "2012.09.30"]
[Round "3"]
[White "Seignat, Florian"]
[Black "Hereus, Daniel"]
[Result "1-0"]
[WhiteElo "1652"]
[BlackElo "1610"]
[PlyCount "61"]
[EventDate "2012.09.29"]
[EventRounds "5"]
[EventCountry "FRA"]
[SourceDate "2005.09.12"]

1. d4 f5 2. e4 d6 3. Nc3 Nf6 4. f3 fxe4 5. fxe4 Nc6 6. Nf3 Bg4 7. Be3 e6 8. Be2
Be7 9. O-O O-O 10. Qe1 Qe8 11. a3 a6 12. Rd1 b5 13. h3 Bh5 14. Ng5 Nd8 15. e5
Bxe2 16. Qxe2 Nd7 17. Rxf8+ Nxf8 18. Qf3 d5 19. Rf1 h6 20. Nxd5 Rc8 21. Nxe7+
Qxe7 22. Ne4 Ng6 23. Qg4 Kh7 24. Qh5 Qh4 25. Ng5+ Kg8 26. Qxg6 hxg5 27. Qe8+
Kh7 28. Rf8 Qe1+ 29. Kh2 g6 30. Rh8+ Kg7 31. Qf8# 1-0

[Event "Tournoi de rentrée UST"]
[Site "Equeurdreville"]
[Date "2012.09.30"]
[Round "3"]
[White "Castel, Nathan"]
[Black "Leplongeon, Aurore"]
[Result "1-0"]
[WhiteElo "1160"]
[BlackElo "1009"]
[PlyCount "29"]
[EventDate "2012.09.29"]
[EventRounds "5"]
[EventCountry "FRA"]
[SourceDate "2005.09.12"]

1. e4 e5 2. Bc4 Bc5 3. Nf3 Nf6 4. O-O O-O 5. Nxe5 Qe8 6. d4 Qxe5 7. dxe5 Nxe4
8. Nc3 Re8 9. Nxe4 Rxe5 10. Nxc5 Rxc5 11. Be2 Nc6 12. Bf3 Rc3 13. Bxc6 Rxc6 14.
Qe1 Kh8 15. Qe8# 1-0

[Event "Tournoi de rentrée UST"]
[Site "Equeurdreville"]
[Date "2012.09.30"]
[Round "3"]
[White "Masson, Margot"]
[Black "Doris, Nicolas"]
[Result "0-1"]
[WhiteElo "1300"]
[BlackElo "1790"]
[PlyCount "34"]
[EventDate "2012.09.29"]
[EventRounds "5"]
[EventCountry "FRA"]
[SourceDate "2005.09.12"]

1. e4 e5 2. Nf3 Nc6 3. Bc4 Bc5 4. d3 Nf6 5. Ng5 O-O 6. Nc3 d6 7. Nxf7 Rxf7 8.
O-O Qe8 9. Bxf7+ Qxf7 10. Be3 Bb6 11. Ne2 Bg4 12. f3 Bxe3+ 13. Kh1 Bd7 14. Ng3
Nh5 15. Nxh5 Qxh5 16. h3 Bxh3 17. Qe2 Bg4# 0-1

[Event "Tournoi de rentrée UST"]
[Site "Equeurdreville"]
[Date "2012.09.30"]
[Round "3"]
[White "Laronche, Antoine"]
[Black "Lemonnier, Pascal"]
[Result "0-1"]
[WhiteElo "1199"]
[BlackElo "1420"]
[PlyCount "56"]
[EventDate "2012.09.29"]
[EventRounds "5"]
[EventCountry "FRA"]
[SourceDate "2005.09.12"]

1. g3 e5 2. Bh3 Nc6 3. Nf3 e4 4. Ng1 d5 5. b3 Be7 6. Bb2 Bf6 7. Nc3 Bxh3 8.
Nxh3 Qd7 9. d3 Qxh3 10. Qd2 O-O-O 11. O-O-O Nge7 12. Nxe4 Bxb2+ 13. Kxb2 dxe4
14. Qc1 exd3 15. Rd2 dxc2 16. Qxc2 Qf5 17. Qd1 Qxf2 18. Rd3 Rxd3 19. Qxd3 Qd4+
20. Qc3 Qxc3+ 21. Kxc3 Re8 22. a4 Nd5+ 23. Kd3 Ndb4+ 24. Kc4 Rxe2 25. h4 Rg2
26. g4 Rxg4+ 27. Kb5 a6+ 28. Kc5 b6# 0-1

[Event "Tournoi de rentrée UST"]
[Site "Equeurdreville"]
[Date "2012.09.30"]
[Round "3"]
[White "Raynaud, Christophe"]
[Black "Benard, Anne Laurie"]
[Result "0-1"]
[WhiteElo "1839"]
[BlackElo "1890"]
[PlyCount "52"]
[EventDate "2012.09.29"]
[EventRounds "5"]
[EventCountry "FRA"]
[SourceDate "2005.09.12"]

1. e4 c5 2. Nf3 g6 3. c3 Bg7 4. d4 cxd4 5. cxd4 d5 6. e5 Nc6 7. Bb5 Nh6 8. O-O
O-O 9. h3 f6 10. exf6 exf6 11. Nc3 Nf5 12. Be3 Kh8 13. Re1 Re8 14. Qa4 Nfe7 15.
Qc2 g5 16. Qd2 Bf5 17. Nh2 Rg8 18. Be2 Qd6 19. f4 Bh6 20. fxg5 Bxg5 21. Bg4 Bh4
22. Rf1 Qe6 23. Rxf5 Nxf5 24. Rf1 Qxe3+ 25. Qxe3 Nxe3 26. Rf4 Bg5 0-1

[Event "Tournoi de rentrée UST"]
[Site "Equeurdreville"]
[Date "2012.09.30"]
[Round "3"]
[White "Rosi, Andrea"]
[Black "Masson, Titouan"]
[Result "1-0"]
[WhiteElo "1515"]
[BlackElo "1199"]
[PlyCount "71"]
[EventDate "2012.09.29"]
[EventRounds "5"]
[EventCountry "FRA"]
[SourceDate "2005.09.12"]

1. e4 e5 2. Nf3 Nc6 3. Bb5 Bb4 4. Bxc6 bxc6 5. c3 Bd6 6. O-O Ba6 7. Re1 Nf6 8.
d4 Qe7 9. dxe5 Bxe5 10. Nxe5 Qxe5 11. Qd4 Ng4 12. Qxe5+ Nxe5 13. Nd2 O-O 14. b3
d6 15. c4 Nd3 16. Re3 Nxc1 17. Rxc1 Rfd8 18. e5 d5 19. c5 d4 20. Re4 Bd3 21.
Rf4 g5 22. Rf6 Re8 23. Nf3 g4 24. Nxd4 Rxe5 25. Nxc6 Re2 26. Rf4 h5 27. h4 gxh3
28. gxh3 Rxa2 29. Rh4 Be2 30. Kh2 Ra6 31. Rg1+ Kf8 32. Nd4 Re8 33. Nf5 Rf6 34.
Rg5 Bd3 35. Rhxh5 Re2 36. Rh8# 1-0

[Event "Tournoi de rentrée UST"]
[Site "Equeurdreville"]
[Date "2012.09.29"]
[Round "1"]
[White "Seignat, Florian"]
[Black "Benard, Anne Laurie"]
[Result "0-1"]
[WhiteElo "1652"]
[BlackElo "1890"]
[PlyCount "90"]
[EventDate "2012.09.29"]
[EventRounds "5"]
[EventCountry "FRA"]
[SourceDate "2005.09.12"]

1. d4 Nf6 2. f3 d5 3. e4 dxe4 4. Nc3 e6 5. a3 Nc6 6. Bb5 exf3 7. Nxf3 Bd6 8.
O-O O-O 9. Qe1 Nxd4 10. Nxd4 Bc5 11. Bg5 Qxd4+ 12. Kh1 Ng4 13. Ne4 Qe5 14. Qh4
Qxe4 15. Bd3 Nf2+ 16. Qxf2 Bxf2 17. Bxe4 Bc5 18. Rad1 Bd6 19. b4 a5 20. c3 f6
21. Bc1 Be5 22. Rd3 Ra6 23. Rfd1 axb4 24. cxb4 Rd6 25. Be3 Rfd8 26. Kg1 f5 27.
Rxd6 cxd6 28. Bf3 d5 29. h3 h6 30. Kf2 Kf7 31. a4 Bd7 32. b5 Ra8 33. Bd4 Bd6
34. Ra1 g5 35. Ke3 e5 36. Bxd5+ Be6 37. Bxe6+ Kxe6 38. Bb6 Rc8 39. a5 Rc2 40.
a6 bxa6 41. bxa6 Bb8 42. Kd3 Rxg2 43. Bc7 Ba7 44. Kc4 Rc2+ 45. Kb5 Rxc7 0-1

[Event "Tournoi de rentrée UST"]
[Site "Equeurdreville"]
[Date "2012.09.30"]
[Round "4"]
[White "Althoffer, Cyrille"]
[Black "Vanneste, Axel"]
[Result "1-0"]
[WhiteElo "1923"]
[BlackElo "1199"]
[PlyCount "43"]
[EventDate "2012.09.29"]
[EventRounds "5"]
[EventCountry "FRA"]
[SourceDate "2005.09.12"]
[TimeControl "240+2"]

{460MB} 1. e4 e5 2. Nf3 Nf6 3. Nxe5 d6 4. Nf3 Nxe4 5. d4 d5 6. Bd3 Bf5 7. O-O
Bb4 8. a3 Bd6 9. Re1 O-O 10. c4 c6 11. cxd5 cxd5 12. Qb3 Qe7 13. Qxd5 g6 14.
Bxe4 Bxe4 15. Qxe4 Qxe4 16. Rxe4 Nc6 17. Nc3 Rae8 18. Bh6 Rxe4 19. Nxe4 Rd8 20.
Nfg5 Bf4 21. Nf6+ Kh8 22. Nxf7# 1-0

[Event "Tournoi de rentrée UST"]
[Site "Equeurdreville"]
[Date "2012.09.30"]
[Round "4"]
[White "Masson, Titouan"]
[Black "Masson, Margot"]
[Result "1/2-1/2"]
[WhiteElo "1190"]
[BlackElo "1300"]
[PlyCount "43"]
[EventDate "2012.09.29"]
[EventRounds "5"]
[EventCountry "FRA"]
[SourceDate "2005.09.12"]
[TimeControl "240+2"]

{460MB} 1. e4 e5 2. Nf3 Nc6 3. Bb5 Bc5 4. Bxc6 dxc6 5. c3 h6 6. Nxe5 Qe7 7. Nf3
Qxe4+ 8. Qe2 Qxe2+ 9. Kxe2 Bg4 10. Re1 O-O-O 11. Kf1 Nf6 12. Ne5 Bh5 13. d4 Bd6
14. Nd2 Rhe8 15. Ndc4 Bxe5 16. Nxe5 Nd7 17. Bf4 f6 18. Nxd7 Rxe1+ 19. Rxe1 Kxd7
20. f3 Bf7 21. b3 g5 22. Bd2 1/2-1/2

[Event "Tournoi de rentrée UST"]
[Site "Equeurdreville"]
[Date "2012.09.30"]
[Round "4"]
[White "Bavinckhove, Silaeis"]
[Black "Laronche, Antoine"]
[Result "1-0"]
[WhiteElo "1020"]
[BlackElo "1199"]
[PlyCount "59"]
[EventDate "2012.09.29"]
[EventRounds "5"]
[EventCountry "FRA"]
[SourceDate "2005.09.12"]
[TimeControl "240+2"]

{460MB, Rybka3Gen.ctg} 1. e4 g6 2. d4 Bg7 3. Be2 Nf6 4. Bg4 Nxg4 5. Qxg4 h5 6.
Qg5 f6 7. Qd5 a5 8. Nf3 Ra6 9. Qc4 b5 10. Qb3 Bb7 11. e5 fxe5 12. Nxe5 Rh6 13.
Bxh6 Bxh6 14. Nxg6 Rxg6 15. Nc3 b4 16. Nb5 Nc6 17. Qd3 Nxd4 18. Qxg6+ Kf8 19.
Qxh6+ Kf7 20. Qxh5+ Ke6 21. Qg4+ Kf6 22. Qf4+ Kg6 23. Qxd4 Bxg2 24. Rg1 Qa8 25.
Nxc7 Qc8 26. Nd5 e5 27. Qxe5 Qb7 28. Rxg2+ Kh6 29. Qe4 b3 30. Qh4# 1-0

[Event "Tournoi de rentrée UST"]
[Site "Equeurdreville"]
[Date "2012.09.30"]
[Round "4"]
[White "Hereus, Daniel"]
[Black "Castel, Tanguy"]
[Result "1-0"]
[WhiteElo "1610"]
[BlackElo "1010"]
[PlyCount "41"]
[EventDate "2012.09.29"]
[EventRounds "5"]
[EventCountry "FRA"]
[SourceDate "2005.09.12"]
[TimeControl "240+2"]

{460MB, Rybka3Gen.ctg} 1. e4 e5 2. f4 exf4 3. Nf3 Bc5 4. d4 Bb4+ 5. c3 Be7 6.
Bxf4 Bh4+ 7. Nxh4 Qxh4+ 8. g3 Qf6 9. e5 Qg6 10. Bd3 Qb6 11. b3 d5 12. exd6 cxd6
13. Qe2+ Ne7 14. Nd2 O-O 15. Nc4 Qc6 16. Kd2 Bd7 17. Bxd6 Nd5 18. Bxf8 Qc8 19.
Bxg7 Bg4 20. Qe4 Qc6 21. Qxh7# 1-0

[Event "Tournoi de rentrée UST"]
[Site "Equeurdreville"]
[Date "2012.09.30"]
[Round "4"]
[White "Leplongeon, Mathilde"]
[Black "Bavinckhove, Myrial"]
[Result "0-1"]
[WhiteElo "1180"]
[BlackElo "1475"]
[PlyCount "56"]
[EventDate "2012.09.29"]
[EventRounds "5"]
[EventCountry "FRA"]
[SourceDate "2005.09.12"]
[TimeControl "240+2"]

{460MB, Rybka3Gen.ctg} 1. Nf3 d5 2. g3 Nc6 3. Bg2 e5 4. d3 Bf5 5. Nbd2 Nf6 6.
O-O Bd6 7. e3 Qd7 8. Re1 O-O 9. Re2 e4 10. Ng5 Rae8 11. f3 exd3 12. cxd3 h6 13.
Nge4 dxe4 14. dxe4 Bh7 15. b3 Be5 16. Rb1 Nb4 17. Nc4 Qxd1+ 18. Bf1 Nh5 19. g4
Bxh2+ 20. Kf2 Ng3 21. Re1 Nd3+ 22. Bxd3 Qxd3 23. Nd2 Qc2 24. Rb2 Qc6 25. Kg2
Qd6 26. Kxh2 Nxe4+ 27. Kg1 Qg3+ 28. Kf1 Qf2# 0-1

[Event "Tournoi de rentrée UST"]
[Site "Equeurdreville"]
[Date "2012.09.30"]
[Round "4"]
[White "Doris, Nicolas"]
[Black "Castel, Nathan"]
[Result "1-0"]
[WhiteElo "1790"]
[BlackElo "1160"]
[PlyCount "69"]
[EventDate "2012.09.29"]
[EventRounds "5"]
[EventCountry "FRA"]
[SourceDate "2005.09.12"]
[TimeControl "240+2"]

{460MB, Rybka3Gen.ctg} 1. d4 e5 2. dxe5 Qe7 3. Nf3 Nc6 4. b3 Qd8 5. Bb2 Bc5 6.
e3 Bb4+ 7. Nbd2 Nh6 8. e6 dxe6 9. Bxg7 Rg8 10. Bxh6 e5 11. e4 Bxd2+ 12. Qxd2
Ke7 13. Rd1 Bg4 14. Qxd8+ Rgxd8 15. Rxd8 Rxd8 16. c3 Bxf3 17. gxf3 Kf6 18. h4
Kg6 19. Be3 Kh5 20. Be2 Na5 21. f4+ Kg6 22. f5+ Kg7 23. Rg1+ Kf8 24. f6 Nxb3
25. axb3 Rd6 26. Bc5 Ke8 27. Bxd6 cxd6 28. Rg8+ Kd7 29. Bg4+ Kc7 30. Rg7 a6 31.
Rxf7+ Kb8 32. Rxh7 b5 33. Re7 a5 34. f7 a4 35. f8=Q# 1-0

[Event "Tournoi de rentrée UST"]
[Site "Equeurdreville"]
[Date "2012.09.30"]
[Round "4"]
[White "Bavinckhove, Zoltan"]
[Black "Raynaud, Christophe"]
[Result "1/2-1/2"]
[WhiteElo "1430"]
[BlackElo "1839"]
[PlyCount "80"]
[EventDate "2012.09.29"]
[EventRounds "5"]
[EventCountry "FRA"]
[SourceDate "2005.09.12"]
[TimeControl "240+2"]

{460MB, Rybka3Gen.ctg} 1. e4 c5 2. Nf3 e6 3. Nc3 Nc6 4. Bb5 a6 5. Bxc6 bxc6 6.
O-O d5 7. e5 Ne7 8. d3 Ng6 9. Na4 Be7 10. c4 O-O 11. b3 Qc7 12. Ba3 Nxe5 13.
Nxe5 Qxe5 14. Bxc5 Bxc5 15. Nxc5 d4 16. b4 Qc7 17. a3 e5 18. Qf3 Bd7 19. Rfe1
Rfe8 20. Re4 f6 21. Rh4 a5 22. Rb1 axb4 23. axb4 Ra2 24. Qe4 f5 25. Qf3 Rea8
26. h3 Bc8 27. Qh5 g6 28. Qg5 Re2 29. Rf1 Raa2 30. Qf6 Rab2 31. Ne6 Bxe6 32.
Qxe6+ Kg7 33. b5 cxb5 34. c5 Rec2 35. g4 fxg4 36. Rxg4 Rxc5 37. Rg3 Rbc2 38.
Rf3 Rc1 39. Qf6+ Kh6 40. Qh4+ Kg7 1/2-1/2

[Event "Tournoi de rentrée UST"]
[Site "Equeurdreville"]
[Date "2012.09.30"]
[Round "4"]
[White "Benard, Anne Laurie"]
[Black "Rosi, Andrea"]
[Result "1-0"]
[WhiteElo "1890"]
[BlackElo "1515"]
[PlyCount "79"]
[EventDate "2012.09.29"]
[EventRounds "5"]
[EventCountry "FRA"]
[SourceDate "2005.09.12"]
[TimeControl "240+2"]

{460MB, Rybka3Gen.ctg} 1. e4 e6 2. d3 c6 3. Nf3 Nf6 4. g3 d6 5. Bg2 e5 6. O-O
Bg4 7. h3 Bxf3 8. Bxf3 Be7 9. Qe2 Qb6 10. Nd2 Nbd7 11. Nc4 Qc7 12. Ne3 g6 13.
c3 h6 14. d4 h5 15. Ng2 O-O-O 16. Qc4 d5 17. exd5 cxd5 18. Bxd5 Qxc4 19. Bxc4
exd4 20. cxd4 Rhf8 21. Bf4 Nb6 22. Bb5 Bd6 23. Rac1+ Kb8 24. Bg5 Be7 25. Rfe1
Bb4 26. Bxf6 Bxe1 27. Bxd8 Rxd8 28. Rxe1 a6 29. Re8 Kc8 30. Rxd8+ Kxd8 31. Bd3
Nd5 32. a3 Kc7 33. Ne3 Kd6 34. Bc4 Nxe3 35. fxe3 f5 36. Bf7 Ke7 37. Bxg6 Kf6
38. Bxf5 Kxf5 39. d5 Ke5 40. e4 1-0